[Event "Africa-ch Blitz"]
[Site "Casablanca"]
[Date "2019.08.28"]
[Round "8.3"]
[White "Arab, Adlane"]
[Black "Aithmidou, Mohamed Mehdi"]
[Result "0-1"]
[WhiteElo "2422"]
[BlackElo "2276"]
[PlyCount "92"]
[EventDate "2019.08.28"]
[EventType "swiss (blitz)"]
[EventRounds "9"]
[EventCountry "MAR"]
[SourceTitle "EXT 2024"]
[Source "ChessBase"]
[SourceDate "2023.10.10"]
[SourceVersion "1"]
[SourceVersionDate "2023.10.10"]
[SourceQuality "1"]

1. d4 c5 2. d5 e5 3. e4 d6 4. Nc3 Be7 5. Nf3 Nf6 6. Bb5+ Nbd7 7. a4 0-0 8. 0-0 Ne8 9. a5 a6 10. Be2 g6 11. Bh6 Ng7 12. Nd2 Bg5 13. Bxg5 Qxg5 14. Nc4 Qe7 15. Qd2 Rb8 16. Na4 f5 17. exf5 Nxf5 18. c3 Nf6 19. Nab6 Bd7 20. Rae1 Rbe8 21. f4 exf4 22. Bd3 Ne3 23. Nxd7 Nxd7 24. g3 Nxf1 25. Rxe7 Nxd2 26. Rxd7 Nxc4 27. Bxc4 Re1+ 28. Kf2 fxg3+ 29. Kxg3 Re3+ 30. Kg2 Rf4 31. b3 Rxc3 32. Rxd6 Rd4 33. Rb6 Rd2+ 34. Kg1 Rc1+ 35. Bf1 Rdd1 36. Rf6 Kg7 37. Rf3 Rxd5 38. Kg2 Rg5+ 39. Kh3 h5 40. Bc4 Rf5 41. Rd3 Kh6 42. Rd7 Rc3+ 43. Kg2 Rc2+ 44. Kg3 h4+ 45. Kh3 Rc3+ 46. Kxh4 Rf4# 0-1

[Event "Africa-ch Blitz"]
[Site "Casablanca"]
[Date "2019.08.28"]
[Round "1.14"]
[White "Hassan, Abderrahmane"]
[Black "Aithmidou, Mohamed Mehdi"]
[Result "1-0"]
[WhiteElo "1786"]
[BlackElo "2276"]
[PlyCount "61"]
[EventDate "2019.08.28"]
[EventType "swiss (blitz)"]
[EventRounds "9"]
[EventCountry "MAR"]
[SourceTitle "EXT 2024"]
[Source "ChessBase"]
[SourceDate "2023.10.10"]
[SourceVersion "1"]
[SourceVersionDate "2023.10.10"]
[SourceQuality "1"]

1. d4 Nf6 2. Nc3 d5 3. Bf4 c6 4. e3 g6 5. h4 Bg7 6. Be2 Nbd7 7. Nf3 e6 8. Ne5 h5 9. f3 Nxe5 10. Bxe5 Qa5 11. Qd2 Bd7 12. 0-0-0 c5 13. Kb1 Qb6 14. g4 cxd4 15. Bxd4 Qc7 16. g5 0-0 17. Bxf6 Bxf6 18. gxf6 Kh7 19. Bd3 b5 20. e4 b4 21. Ne2 dxe4 22. Bxe4 Bc6 23. Qd6 Qxd6 24. Rxd6 Bxe4 25. fxe4 Rac8 26. Rhd1 Rc4 27. R6d4 Rc5 28. c3 bxc3 29. Nxc3 Rb8 30. Kc2 Re5 31. Rd7 1-0

[Event "Paracin GM 2nd"]
[Site "Paracin"]
[Date "2018.12.06"]
[Round "5"]
[White "Mendonca, Leon Luke"]
[Black "Aithmidou, Mohamed Mehdi"]
[Result "1-0"]
[WhiteElo "2350"]
[BlackElo "2261"]
[PlyCount "145"]
[EventDate "2018.12.03"]
[EventType "tourn"]
[EventRounds "9"]
[EventCountry "SRB"]
[EventCategory "6"]
[SourceTitle "CBM 187 Extra"]
[Source "ChessBase"]
[SourceDate "2018.11.04"]
[SourceVersion "1"]
[SourceVersionDate "2018.11.04"]
[SourceQuality "1"]

1. d4 Nf6 2. c4 e6 3. Nc3 Bb4 4. e3 0-0 5. Nge2 Re8 6. a3 Bf8 7. d5 a5 8. Ng3 Na6 9. Bd3 Nc5 10. Bc2 exd5 11. cxd5 b5 12. Nxb5 Ba6 13. Nc3 Bd6 14. f3 Nh5 15. Nxh5 Qh4+ 16. g3 Qxh5 17. Kf2 Qh3 18. b4 Be5 19. bxc5 Bxc3 20. Rb1 Rab8 21. Rxb8 Rxb8 22. f4 Bb2 23. Be4 Qh6 24. Qc2 Bxc1 25. Rxc1 Qxh2+ 26. Bg2 Qh6 27. Rb1 Rf8 28. Qd2 Qh5 29. Rb2 Bc4 30. Qd4 Ba6 31. Qa4 Qf5 32. Qxa5 Qd3 33. Rd2 Qc4 34. Qb4 Qc1 35. a4 Re8 36. c6 d6 37. Qb2 Qc5 38. Qd4 Qa3 39. e4 Ra8 40. e5 Bc8 41. Qe3 Qxe3+ 42. Kxe3 Kf8 43. exd6 cxd6 44. Rb2 Ke7 45. Rb4 h5 46. Re4+ Kd8 47. Bf1 Ra7 48. Kd2 Bg4 49. Be2 Bf5 50. Rb4 Ra5 51. Bb5 Ra7 52. Bd3 Bc8 53. Kc3 Ra5 54. Bb5 Bf5 55. Rd4 Kc7 56. Rd2 Be4 57. Kd4 f5 58. Kc3 Kb6 59. Kb4 Ra7 60. Rd1 Bf3 61. Rd3 Be4 62. Ra3 Ra8 63. a5+ Kc7 64. Bc4 Rb8+ 65. Kc3 Ra8 66. a6 Ra7 67. Rb3 Kc8 68. Kb4 Kb8 69. Ka5+ Ka8 70. Rb7 Rxb7 71. axb7+ Ka7 72. b8Q+ Kxb8 73. Kb6 1-0

[Event "Olympiad-43"]
[Site "Batumi"]
[Date "2018.09.24"]
[Round "1.4"]
[White "Aithmidou, Mohamed Mehdi"]
[Black "Li, Chao B"]
[Result "1-0"]
[WhiteElo "2244"]
[BlackElo "2708"]
[PlyCount "173"]
[EventDate "2018.09.24"]
[EventType "team-swiss"]
[EventRounds "11"]
[EventCountry "GEO"]
[SourceTitle "CBM 187"]
[Source "ChessBase"]
[SourceDate "2018.12.11"]
[SourceVersion "1"]
[SourceVersionDate "2018.12.11"]
[SourceQuality "1"]
[WhiteTeam "Morocco"]
[BlackTeam "China"]
[WhiteTeamCountry "MAR"]
[BlackTeamCountry "CHN"]

1. e4 c5 2. d3 e6 3. f4 d5 4. Be2 dxe4 5. dxe4 Qxd1+ 6. Bxd1 Bd7 7. Be3 Bc6 8. Nd2 Nd7 9. Bf3 0-0-0 10. 0-0-0 h5 11. e5 Ne7 12. Bxc6 Nxc6 13. Ne4 f6 14. exf6 Nxf6 15. Rxd8+ Nxd8 16. Nxf6 gxf6 17. Nf3 h4 18. Kd1 Bd6 19. Nd2 b6 20. Ne4 Be7 21. Ke2 Nf7 22. a4 Rg8 23. Kf2 f5 24. Nd2 Nd6 25. a5 Bf6 26. axb6 axb6 27. c3 e5 28. fxe5 Bxe5 29. Kf3 Nf7 30. Ra1 Bb8 31. Bg1 Ne5+ 32. Kf2 Nd3+ 33. Kf3 Ne5+ 34. Kf2 Kb7 35. Kf1 h3 36. gxh3 Nd3 37. Nf3 Bf4 38. b3 Nc1 39. b4 c4 40. b5 Nd3 41. Ra6 Bc7 42. Ra4 Nf4 43. h4 Rd8 44. Bd4 Nh5 45. Rxc4 Ra8 46. Rc6 Ra1+ 47. Kf2 Ra2+ 48. Ke3 Ra5 49. c4 Ra3+ 50. Kf2 Ra2+ 51. Kf1 Ra3 52. Ng5 Ra2 53. Ne6 Bxh2 54. Rxb6+ Kc8 55. Rc6+ Kd7 56. Bf2 f4 57. Kg2 Bg3 58. Nc5+ Ke7 59. Ne4 Bxh4 60. Kf3 Bxf2 61. Nxf2 Ng7 62. Rc7+ Kf6 63. Ne4+ Ke5 64. Re7+ Kf5 65. Nd6+ Kf6 66. Rf7+ Ke5 67. Rxg7 Ra3+ 68. Kf2 Kxd6 69. Rg6+ Kc5 70. Rc6+ Kd4 71. b6 Ke4 72. c5 Ra2+ 73. Kg1 Rb2 74. Rc7 Rb1+ 75. Kf2 Rb2+ 76. Kg1 Rb1+ 77. Kh2 f3 78. Kg3 Ke3 79. Rf7 Kd4 80. Rf5 Ke4 81. Rf8 Kd5 82. Rc8 Rb3 83. Rc7 Ke4 84. b7 Rb2 85. c6 Rg2+ 86. Kh3 Rg8 87. Rf7 1-0

[Event "Le Port Marly Paribas blitz op"]
[Site "Le Port Marly"]
[Date "2014.??.??"]
[Round "11"]
[White "Devallee, Jeremie"]
[Black "Aithmidou, Mohamed Mehdi"]
[Result "1-0"]
[WhiteElo "2123"]
[BlackElo "2165"]
[PlyCount "46"]
[EventDate "2014.06.14"]
[EventType "swiss (blitz)"]
[EventRounds "15"]
[EventCountry "FRA"]
[SourceTitle "EXT 2015"]
[Source "ChessBase"]
[SourceDate "2014.11.20"]
[SourceVersion "1"]
[SourceVersionDate "2014.11.20"]
[SourceQuality "1"]

1. e4 c5 2. d4 cxd4 3. c3 dxc3 4. Nxc3 Nc6 5. Nf3 g6 6. Bc4 Bg7 7. e5 Nh6 8. 0-0 0-0 9. h3 d6 10. exd6 exd6 11. Bg5 Qa5 12. g4 Nd4 13. Be7 Re8 14. Bxd6 Qb6 15. Bf4 Qxb2 16. Nd5 Nxf3+ 17. Qxf3 Be6 18. Rab1 Qd4 19. Bxh6 Bxh6 20. Nf6+ Kh8 21. Nxe8 Bxc4 22. Rfd1 Qe5 23. Nd6 Be6 1-0

[Event "Le Port Marly Paribas blitz op"]
[Site "Le Port Marly"]
[Date "2014.??.??"]
[Round "15"]
[White "Karagyozian, Edgar"]
[Black "Aithmidou, Mohamed Mehdi"]
[Result "1/2-1/2"]
[WhiteElo "2017"]
[BlackElo "2165"]
[PlyCount "33"]
[EventDate "2014.06.14"]
[EventType "swiss (blitz)"]
[EventRounds "15"]
[EventCountry "FRA"]
[SourceTitle "EXT 2015"]
[Source "ChessBase"]
[SourceDate "2014.11.20"]
[SourceVersion "1"]
[SourceVersionDate "2014.11.20"]
[SourceQuality "1"]

1. d4 Nf6 2. Nf3 e6 3. Nbd2 c5 4. e3 Nc6 5. c3 Be7 6. Bd3 d6 7. Qe2 0-0 8. 0-0 e5 9. dxe5 dxe5 10. e4 Bg4 11. h3 Bh5 12. Nc4 Qc7 13. Ne3 Rad8 14. Bc2 a6 15. g4 Bg6 16. Nf5 Rfe8 17. Be3 1/2-1/2

[Event "Gibraltar Masters"]
[Site "Gibraltar"]
[Date "2006.01.27"]
[Round "4"]
[White "Aithmidou, Mohamed Mehdi"]
[Black "Grooten, Herman"]
[Result "0-1"]
[WhiteElo "2107"]
[BlackElo "2365"]
[PlyCount "122"]
[EventDate "2006.01.24"]
[EventType "swiss"]
[EventRounds "10"]
[EventCountry "ENG"]
[SourceTitle "CBM 110 Extra"]
[Source "ChessBase"]
[SourceDate "2006.03.10"]
[SourceVersion "2"]
[SourceVersionDate "2006.03.10"]
[SourceQuality "1"]

1. e4 c6 2. d4 d5 3. Nd2 dxe4 4. Nxe4 Bf5 5. Ng3 Bg6 6. h4 h6 7. Nf3 Nd7 8. h5 Bh7 9. Bd3 Bxd3 10. Qxd3 e6 11. Bd2 Ngf6 12. 0-0-0 Be7 13. Kb1 0-0 14. Ne4 Nxe4 15. Qxe4 Nf6 16. Qe2 Qd5 17. Ne5 Qe4 18. Qxe4 Nxe4 19. Be3 Rfd8 20. g4 c5 21. f3 cxd4 22. Rxd4 Rxd4 23. Bxd4 Nd2+ 24. Ka1 Bg5 25. Bc3 Rd8 26. Bxd2 Rxd2 27. Kb1 Rf2 28. Rd1 Bf6 29. Nd7 Rxf3 30. Nxf6+ gxf6 31. c3 Rf4 32. Rd7 Rxg4 33. Rxb7 f5 34. Kc2 f4 35. Kd3 a5 36. Rb5 a4 37. Ra5 f5 38. Rxa4 Kf7 39. b4 Rg3+ 40. Kd2 e5 41. b5 e4 42. b6 Rg2+ 43. Kd1 Rg1+ 44. Kc2 Rg2+ 45. Kd1 Rg1+ 46. Kc2 Rg8 47. b7 Rb8 48. Rb4 f3 49. Kd2 Ke6 50. a4 Kd6 51. a5 Kc7 52. Rc4+ Kxb7 53. Rb4+ Ka7 54. Rxb8 Kxb8 55. c4 f4 56. c5 e3+ 57. Ke1 f2+ 58. Ke2 f3+ 59. Kf1 Kb7 60. c6+ Kxc6 61. a6 e2+ 0-1

[Event "Gibraltar Masters"]
[Site "Gibraltar"]
[Date "2006.01.26"]
[Round "3"]
[White "Ganguly, Surya Shekhar"]
[Black "Aithmidou, Mohamed Mehdi"]
[Result "1-0"]
[WhiteElo "2579"]
[BlackElo "2107"]
[PlyCount "61"]
[EventDate "2006.01.24"]
[EventType "swiss"]
[EventRounds "10"]
[EventCountry "ENG"]
[SourceTitle "CBM 110 Extra"]
[Source "ChessBase"]
[SourceDate "2006.03.10"]
[SourceVersion "2"]
[SourceVersionDate "2006.03.10"]
[SourceQuality "1"]

1. e4 e5 2. Nf3 Nf6 3. Nxe5 d6 4. Nf3 Nxe4 5. d4 d5 6. Bd3 Bd6 7. 0-0 Bf5 8. Re1 0-0 9. c4 c6 10. cxd5 cxd5 11. Nc3 Nxc3 12. bxc3 Bxd3 13. Qxd3 Qc7 14. Ng5 g6 15. Qh3 h5 16. g4 Qd7 17. gxh5 Qxh3 18. Nxh3 gxh5 19. Bf4 Ba3 20. Re5 f6 21. Rxd5 Nc6 22. Rb1 b6 23. Rxh5 Rac8 24. Bd2 Na5 25. Nf4 Nc4 26. Kh1 Rf7 27. Ne6 Rh7 28. Rg1+ Kh8 29. Bh6 Rg8 30. Bg7+ Rgxg7 31. Nxg7 1-0

[Event "Gibraltar Masters"]
[Site "Gibraltar"]
[Date "2006.01.25"]
[Round "2"]
[White "Aithmidou, Mohamed Mehdi"]
[Black "Peek, Marcel"]
[Result "1/2-1/2"]
[WhiteElo "2107"]
[BlackElo "2375"]
[PlyCount "38"]
[EventDate "2006.01.24"]
[EventType "swiss"]
[EventRounds "10"]
[EventCountry "ENG"]
[SourceTitle "CBM 110 Extra"]
[Source "ChessBase"]
[SourceDate "2006.03.10"]
[SourceVersion "2"]
[SourceVersionDate "2006.03.10"]
[SourceQuality "1"]

1. e4 e6 2. d4 d5 3. Nc3 Bb4 4. e5 c5 5. a3 Bxc3+ 6. bxc3 Qa5 7. Bd2 Qa4 8. Qb1 c4 9. Ra2 Nc6 10. Ne2 Nge7 11. g3 b6 12. Bh3 Bd7 13. Nf4 0-0-0 14. Nh5 Rhg8 15. Bg5 Qa5 16. Qb2 Rde8 17. Bxe7 Nxe7 18. Ke2 Ba4 19. f4 Qb5 1/2-1/2